Novela zákona o obecnom zriadení v súvislosti s COVID-19
Nepriaznivé štatistiky o šírení nákazy mobilizovali štátne orgány k mimoriadnym opatreniam, ktoré zásadne zmenili fungovanie bežného života vrátanie fungovania miestnych samospráv. Ide o novelu zákona č. 73/2020. Stručný popis novely a poznámky autora.
Salvato in:
| Autore principale: | |
|---|---|
| Natura: | Capitolo di libro |
| Lingua: | slovacco |
| Soggetti: | |
| Tags: |
Nessun Tag, puoi essere il primo ad aggiungerne!!
|
MARC
| LEADER | 00000naa a2200000 4500 | ||
|---|---|---|---|
| 001 | 0263643 | ||
| 005 | 20200602094644.8 | ||
| 041 | 0 | |a slo | |
| 044 | |a SK | ||
| 245 | 1 | 0 | |a Novela zákona o obecnom zriadení v súvislosti s COVID-19 |c Ladislav Briestenský |
| 520 | |a Nepriaznivé štatistiky o šírení nákazy mobilizovali štátne orgány k mimoriadnym opatreniam, ktoré zásadne zmenili fungovanie bežného života vrátanie fungovania miestnych samospráv. Ide o novelu zákona č. 73/2020. Stručný popis novely a poznámky autora. | ||
| 610 | 2 | 0 | |a legislatíva |
| 610 | 2 | 0 | |a novelizácia |
| 610 | 2 | 0 | |a obce |
| 610 | 2 | 0 | |a chorobnosť |
| 610 | 2 | 0 | |a samospráva |
| 100 | 1 | |a Briestenský, Ladislav | |